Statistiche per Paesi Confinanti con la NATO

Clicka qui per fare il quiz!

Statistiche generali

  • Questo quiz è stato fatto 1.391 volte
    (487 dall'ultimo reset)
  • Il punteggio medio è 18 su 24

Statistiche sulle risposte

Membri della NATOPaesi% Corretto
Norvegia, Polonia, +4Russia
97%
Stati UnitiMessico
86%
Polonia, Lettonia, LituaniaBielorussia
85%
Francia, Italia, GermaniaSvizzera
84%
Romania, Polonia, +2Ucraina
84%
Spagna, FranciaAndorra
83%
ItaliaCittà del Vaticano
82%
ItaliaSan Marino
82%
Croazia, Romania, +4Serbia
81%
TurchiaArmenia
79%
TurchiaGeorgia
77%
TurchiaSiria
76%
Germania, Italia, +5Austria
72%
TurchiaIraq
71%
RomaniaMoldavia
71%
FranciaMonaco
71%
TurchiaAzerbaigian
70%
TurchiaIran
70%
Albania, Montenegro, Macedonia del NordKosovo
70%
Croazia, Montenegro
Bosnia ed
Erzegovina
68%
Regno UnitoIrlanda
61%
SpagnaMarocco
54%
FranciaBrasile
48%
FranciaSuriname
43%

Distribuzione punteggi

Percentile per numero di risposta

Percentuale di utenti per punteggio

I tuoi punteggi nel tempo

Non hai fatto questo quiz dall'ultimo reset